| 000 | 01467nam a2200361 a 4500 | ||
|---|---|---|---|
| 001 | ebr10623350 | ||
| 003 | CaPaEBR | ||
| 006 | m u | ||
| 007 | cr cn||||||||| | ||
| 008 | 090415s2008 enk sb 001 0 eng d | ||
| 010 | _z 2009277913 | ||
| 020 | _z0719073022 (hbk.) | ||
| 020 | _z9780719073021 (hbk.) | ||
| 020 | _z9781847792181 (e-book) | ||
| 040 |
_aCaPaEBR _cCaPaEBR |
||
| 035 | _a(OCoLC)808598613 | ||
| 050 | 1 | 4 |
_aJA71 _b.H82 2008eb |
| 082 | 0 | 4 |
_a320.01 _222 |
| 100 | 1 |
_aHutchings, Kimberly, _d1960- |
|
| 245 | 1 | 0 |
_aTime and world politics _h[electronic resource] : _bthinking the present / _cKimberly Hutchings. |
| 260 |
_aManchester ; _aNew York : _bManchester University Press : _bDistributed exclusively in the USA by Palgrave Macmillan, _cc2008. |
||
| 300 | _avii, 200 p. | ||
| 440 | 0 | _aReappraising the political | |
| 504 | _aIncludes bibliographical references and index. | ||
| 505 | 0 | _apt. I. Theories of world-political time -- pt. II. Diagnosing the times. | |
| 533 |
_aElectronic reproduction. _bPalo Alto, Calif. : _cebrary, _d2011. _nAvailable via World Wide Web. _nAccess may be limited to ebrary affiliated libraries. |
||
| 650 | 0 |
_aPolitical science _xPhilosophy. |
|
| 650 | 0 | _aTime. | |
| 650 | 0 | _aWorld politics. | |
| 655 | 7 |
_aElectronic books. _2local |
|
| 710 | 2 | _aebrary, Inc. | |
| 856 | 4 | 0 |
_uhttp://site.ebrary.com/lib/rucke/Doc?id=10623350 _zAn electronic book accessible through the World Wide Web; click to view |
| 999 |
_c159074 _d159074 |
||